AH International Schools' Libraries

Sylvester and the Magic Pebble (Record no. 49097)

MARC details
000 -LEADER
fixed length control field 00360nam a22001217a 4500
008 - FIXED-LENGTH DATA ELEMENTS--GENERAL INFORMATION
fixed length control field 250804b |||||||| |||| 00| 0 eng d
020 ## - INTERNATIONAL STANDARD BOOK NUMBER
International Standard Book Number 0590370189
100 ## - MAIN ENTRY--PERSONAL NAME
Personal name William Steig (Author)
9 (RLIN) 86444
245 ## - TITLE STATEMENT
Title Sylvester and the Magic Pebble
260 ## - PUBLICATION, DISTRIBUTION, ETC. (IMPRINT)
Place of publication, distribution, etc New York
Name of publisher, distributor, etc Scholastic Book Services
Date of publication, distribution, etc 1969
300 ## - PHYSICAL DESCRIPTION
Extent 30 pages
Other physical details col. ill.
Dimensions 27.5 cm x 19.5 cm
942 ## - ADDED ENTRY ELEMENTS (KOHA)
Source of classification or shelving scheme
Holdings
Withdrawn status Lost status Source of classification or shelving scheme Damaged status Not for loan Collection code Home library Current library Date acquired Total Checkouts Full call number Barcode Date last seen Price effective from Koha item type
          Siem Reap Asian Hope Siem Reap Asian Hope Siem Reap 08/04/2025   FIC WIL 209074 08/04/2025 08/04/2025 Book

For any Logos Library related questions please contact Miss Art at swongnarasuk@asianhope.org.

For any Asian Hope Library related questions please contact Miss Raza at graza@asianhope.org.

Powered by Koha